México : problemas sociales, políticos y económicos /

Obra sobre México para nivel de bachillerato. El autor aborda de una manera diferente un libro de texto de historia actual de México con un énfasis en contexto de las ciencias sociales. Su estructura es primero un apartado general que le llama algunas claves para entender el mundo y una segunda part...

Descrizione completa

Salvato in:
Dettagli Bibliografici
Autore principale: Schettino, Macario (autor)
Natura: Libro
Lingua:spagnolo
Pubblicazione: México : Pearson : Prentice-Hall, 2009, c2009
Edizione:2a edición
Soggetti:
Tags: Aggiungi Tag
Nessun Tag, puoi essere il primo ad aggiungerne!!

MARC

LEADER 00000nam^a2200000^a^4500
001 000308671
005 20250521000000.0
009 20260310112924.154
020 |a 978-607-442-311-2 
037 |a Acervo ITESO - Biblioteca 
041 |a ESP 
082 |a 300. 97206  |b SCH 
100 |a Schettino, Macario  |e (autor) 
245 1 0 |a México :  |b problemas sociales, políticos y económicos /  |c M. Schettino Yáñez. 
250 |a 2a edición 
264 4 |a México :  |b Pearson :  |b Prentice-Hall,  |c 2009, c2009 
300 |a X, 242 p. 
336 |a texto  |b txt  |2 rdacontenido 
337 |a sin mediación  |b n  |2 rdamedio 
338 |a volumen  |b nc  |2 rdasoporte 
520 |a Obra sobre México para nivel de bachillerato. El autor aborda de una manera diferente un libro de texto de historia actual de México con un énfasis en contexto de las ciencias sociales. Su estructura es primero un apartado general que le llama algunas claves para entender el mundo y una segunda parte medular que es El México del siglo XX descrito históricamente pero en una estructura no lineal. Además aborda la geografía, la biodiversidad y la ecología en el país. 
649 |a XX 
650 |a Problemas Sociales -  |z México -  |x Historia -  |y Siglo XX -  |x Tema Principal 
650 |a Cambios Sociales y Culturales -  |z México -  |x Historia -  |y Siglo XX 
650 |a Ecología -  |z México 
650 |a Política -  |z México -  |x Historia -  |y Siglo XX 
650 |a Sociología -  |z México 
650 |a Economía -  |z México -  |x Historia -  |y Siglo XX 
650 |a Ciencias Sociales -  |z México -  |x Historia -  |y Siglo XX -  |x Tema Principal 
650 |a México -  |x Historia -  |y Siglo XX 
910 |a Fondo General 
920 |a Impresos - Libros 
930 |a Colección General 
905 |a 101 
901 |a 0500195023  |b IT1  |c ACC  |i C127554  |u 20250521 
902 |a https://opac.biblio.iteso.mx/vufind/Record/000308671